Les 20 villes les plus peuplées de Lozère sur une carte - Statistiques

Statistiques générales
  • Ce quiz a été pris 161 fois
  • Le résultat moyen est 7 sur 20
Réponses sur la Carte
Les réponses sont colorées sur une échelle allant du rouge au vert en fonction du pourcentage des utilisateurs qui les ont devinées à leur premier essai. Vous pouvez retrouver ces pourcentages ci-dessous.
 
Statistiques - réponses
Nb Hab Réponse % Correct
12 316 Mende
100%
4 738 Marvejols
80%
2 096 Florac Trois Rivières
79%
4 096 Saint-Chély-d'Apcher
76%
2 867 Langogne
62%
2 099 La Canourgue
45%
1 437 Chanac
40%
990 Badaroux
38%
2 300 Peyre en Aubrac
27%
926 Chastel-Nouvel
26%
898 Ispagnac
18%
1 180 Montrodat
16%
1 072 Banassac-Canilhac
15%
1 377 Saint-Alban-sur-Limagnole
15%
901 Gorges du Tarn Causses
9%
1 236 Monts-de-Randon
9%
858 Saint-Germain-du-Teil
9%
1 085 Mont Lozère et Goulet
8%
2 078 Bourgs sur Colagne
7%
936 Massegros Causses Gorges
2%
Aucun quiz correspondant
Distribution des résultats
% des personnes avec chaque résultat
Percentile par nombre de réponses
Votre historique - résultats
Vous n’avez pas pris ce quiz